Zahraniční politika ČR v roce 2001
Názory českých ústavných činiteľov na zahraničnú politiku Českej republiky. Česká zahraničná politika pred vstupom do Európskej únie. Česká republika a NATO. Česká rozvojová pomoc.
Guardado en:
| Formato: | Capítulo de libro |
|---|---|
| Lenguaje: | checo |
| Materias: | |
| Etiquetas: |
Sin Etiquetas, Sea el primero en etiquetar este registro!
|
MARC
| LEADER | 00000naa a2200000 4500 | ||
|---|---|---|---|
| 001 | r044053 | ||
| 005 | 20231004105200.4 | ||
| 041 | 0 | |a cze | |
| 044 | |a CZ | ||
| 245 | 1 | 0 | |a Zahraniční politika ČR v roce 2001 |
| 520 | |a Názory českých ústavných činiteľov na zahraničnú politiku Českej republiky. Česká zahraničná politika pred vstupom do Európskej únie. Česká republika a NATO. Česká rozvojová pomoc. | ||
| 610 | 2 | 0 | |a spolupráca hospodárska medzinárodná |
| 610 | 2 | 0 | |a politika zahraničná |
| 610 | 2 | 0 | |a Česko |
| 610 | 2 | 0 | |a Európska únia |
| 610 | 2 | 0 | |a investície priame zahraničné |
| 610 | 2 | 0 | |a pomoc rozvojová |